=LDR 00000nam 2200000 4500 =001 INLIS000000000022988 =005 20130612121704 =008 ***********************************ind** =035 ##$$0010-061300000022988 =041 ##$$a ind =082 ##$$a 398.3 =090 ##$$a 398.3, RAH d =100 ##$$a Rahimsyah AR, MB =245 ##$$a Dongen anak Indonesia, MB.Rahimsyah .AR =260 ##$$a 2003 $b Surabaya =300 ##$$a 128 hlm., ilus., 21 cm =650 ##$$a Cerita Rakyat =850 ##$$a NBPNMAT